Методы и средства анализа и прогнозирования электромагнитных излучений от электронных средств; Информационные технологии; № 11

Opis bibliograficzny
Parent link:Информационные технологии: теоретический и прикладной научно-технический журнал.— , 2000-
№ 11.— 2003.— С. 2-12
1. autor: Агапов С. В.
Kolejni autorzy: Чемошенцев С. Ф.
Język:rosyjski
Wydane: 2003
Seria:Моделирование
Hasła przedmiotowe:
Format: Rozdział
KOHA link:https://koha.lib.tpu.ru/cgi-bin/koha/opac-detail.pl?biblionumber=389182

MARC

LEADER 00000naa2a2200000 4500
001 389182
005 20231101063830.0
035 |a (RuTPU)RU\TPU\prd\21059 
090 |a 389182 
100 |a 20040106a2003 k y0rusy50 ca 
101 0 |a rus 
102 |a RU 
200 1 |a Методы и средства анализа и прогнозирования электромагнитных излучений от электронных средств  |f С. В. Агапов, С. Ф. Чемошенцев 
225 1 |a Моделирование 
320 |a Библиогр.: 87 назв. 
461 1 |0 (RuTPU)RU\TPU\prd\1520  |t Информационные технологии  |o теоретический и прикладной научно-технический журнал  |d 2000- 
463 1 |0 (RuTPU)RU\TPU\prd\20703  |t № 11  |v С. 2-12  |d 2003 
610 1 |a электромагнитные излучения 
610 1 |a электронные средства 
610 1 |a компоненты 
610 1 |a электромагнитная совместимость 
610 1 |a средства анализа 
610 1 |a прогнозирование 
610 1 |a аналитические методы 
610 1 |a экспертные системы 
610 1 |a численные методы 
610 1 |a метод конечных разностей 
610 1 |a метод матрицы линии передачи 
610 1 |a метод конечных элементов 
610 1 |a метод граничных элементов 
610 1 |a метод моментов 
675 |a 621.396.6.001  |v 3 
700 1 |a Агапов  |b С. В. 
701 1 |a Чемошенцев  |b С. Ф. 
801 1 |a RU  |b 63413507  |c 20040106  |g PSBO 
801 2 |a RU  |b 63413507  |c 20130507  |g RCR 
942 |c BK